|
|
|
|
| LEADER |
00000nab#a22000007a#4500 |
| 001 |
arbauad029732 |
| 003 |
AR-BaUAD |
| 005 |
20250711112413.0 |
| 008 |
980203|||||||||###||||||b###|0###a|spa|| |
| 040 |
|
|
|a AR-BaUAD
|c AR-BaUAD
|b spa
|
| 100 |
|
|
|a Padovani, Maddalena
|
| 245 |
|
|
|a Vincent Van Duysen /
|c Maddalena Padovani;
|
| 300 |
0 |
|
|b fot., plantas, axonom., cortes
|
| 653 |
|
|
|a VAN DUYSEN, VINCENT
|
| 653 |
|
|
|a ESPAÑA
|
| 653 |
|
|
|a MALLORCA
|
| 653 |
|
|
|a ISLAS BALEARES
|
| 653 |
|
|
|a VIVIENDAS DE VACACIONES
|
| 653 |
|
|
|a VIVIENDAS UNIFAMILIARES
|
| 653 |
|
|
|a BELGICA
|
| 653 |
|
|
|a FLANDES
|
| 653 |
|
|
|a MINIMALISMO
|
| 653 |
|
|
|a BRUSELAS
|
| 653 |
|
|
|a DEPARTAMENTOS
|
| 653 |
|
|
|a RECICLAJE
|
| 653 |
|
|
|a AMBERES
|
| 653 |
|
|
|a LOCALES COMERCIALES
|
| 653 |
|
|
|a LIBRERIAS
|
| 653 |
|
|
|a VIVEROS
|
| 653 |
|
|
|a INDUMENTARIA
|
| 653 |
|
|
|a DISEÑO DE INTERIORES
|
| 773 |
0 |
|
|t INTERNI
|g no. 476 [dic. 1997], p. 82-113
|
| 942 |
|
|
|c ARTI
|
| 952 |
|
|
|0 0
|1 0
|4 0
|7 0
|9 74651
|a AR-BAuAD
|b AR-BAuAD
|d 2025-07-11
|l 0
|p AAQA029732
|r 2025-07-11 11:24:13
|w 2025-07-11
|y ARTI
|
| 990 |
|
|
|a AQ199
|b TD
|
| 990 |
|
|
|a DI199
|b TD
|
| 990 |
|
|
|a DT199
|b TD
|
| 998 |
|
|
|a AAQ
|b BIBUN76
|
| 999 |
|
|
|c 54324
|d 54324
|